[Event "8 Player Open 9"]
[Site "SchemingMind.com"]
[Date "2014.08.20"]
[Round "-"]
[White "dadshane2000"]
[Black "Phillip Beckett"]
[Result "1-0"]
[WhiteCountry "USA"]
[BlackCountry "ENG"]
[WhiteElo "1929"]
[WhiteRD "90"]
[BlackElo "1588"]
[BlackRD "52"]
[GameID "363315"]

1. e4 e5 2. Nf3 Nc6 3. Bc4 Nf6 4. d3 Be7 5. O-O O-O 6. a4 d6 7. Re1 Bg4 8. h3 Be6 9. Nbd2 Na5 10. Bxe6 fxe6
11. Nf1 c5 12. Bd2 Nc6 13. Ne3 Nd4 14. c3 Nxf3+ 15. Qxf3 d5 16. Qg3 d4 17. Nc4 Nd7 18. Bh6 Bf6 19. Qg4 Qe7 20. Bd2 g6
21. cxd4 Bg7 22. dxc5 Nf6 23. Qg5 Rae8 24. Nd6 Rd8 25. Bc3 Nd5 26. Qxe7 Nxe7 27. Nxb7 Rb8 28. Nd6 Nc6 29. Nb5 Nd4 30. Nxa7 Rfc8
31. Nxc8 Rxc8 32. Bxd4 exd4 33. b4 Rb8 34. b5 Bf8 35. Rec1 Rc8 36. c6 Bb4 37. Rc4 Bc3 38. Rc1 Kf7 39. R1xc3 dxc3 40. Rxc3 Ke7
41. e5
1-0

[Event "8 Player Open 9"]
[Site "SchemingMind.com"]
[Date "2014.08.20"]
[Round "-"]
[White "Phillip Beckett"]
[Black "dadshane2000"]
[Result "0-1"]
[WhiteCountry "ENG"]
[BlackCountry "USA"]
[WhiteElo "1588"]
[WhiteRD "52"]
[BlackElo "1929"]
[BlackRD "90"]
[GameID "363316"]

1. e4 c5 2. Nf3 d6 3. d4 cxd4 4. Nxd4 Nf6 5. Nc3 Bd7 6. Be2 Nc6 7. O-O g6 8. Be3 Bg7 9. f4 O-O 10. Qe1 Ng4
11. Bxg4 Nxd4 12. Bxd7 Nxc2 13. Qd2 Nxe3 14. Qxe3 Qxd7 15. Rad1 Rfc8 16. e5 Qe6 17. Qe4 dxe5 18. fxe5 Qb6+ 19. Kh1 e6 20. Qb1 Bxe5
21. Ne4 Qxb2 22. Qxb2 Bxb2 23. Rd7 Rc1 24. Rxc1 Bxc1 25. Nd6 b6 26. g3 f5 27. Kg2 a6 28. Kf2 b5 29. Ke2 Ba3 30. Nb7 Rc8
31. Rd8+ Rxd8 32. Nxd8 e5 33. Ne6 Bd6 34. Nd8 e4 35. Nb7 Be5 36. Nc5 a5 37. Nb7 Bc7 38. Nc5 a4
0-1

[Event "8 Player Open 9"]
[Site "SchemingMind.com"]
[Date "2014.08.19"]
[Round "-"]
[White "dadshane2000"]
[Black "kenneth m day"]
[Result "1-0"]
[WhiteCountry "USA"]
[BlackCountry "USA"]
[WhiteElo "1979"]
[WhiteRD "82"]
[BlackElo "1657"]
[BlackRD "51"]
[GameID "363317"]

1. e4 e5 2. Nf3 d6 3. d4 exd4 4. Nxd4 Nf6 5. Nc3 Be7 6. Bf4 O-O 7. Qd2 c5 8. Nf3 Nc6 9. O-O-O Bg4 10. Bxd6 Nd4
11. Bxe7 Qxe7 12. e5 Nd7 13. Qe3 Rfe8 14. h3 Bh5 15. g4 Bg6 16. Nxd4 cxd4 17. Qxd4 Nxe5 18. Bg2 Rad8 19. Qxa7 Nc6 20. Bxc6 Qg5+
21. Kb1 bxc6 22. Rxd8 Rxd8 23. Qe3 Qf6 24. Re1 h6 25. f4 Qd6 26. f5 Bh7 27. Qe8+ Rxe8 28. Rxe8+ Qf8 29. Rxf8+ Kxf8 30. a4 f6
31. a5
1-0

[Event "8 Player Open 9"]
[Site "SchemingMind.com"]
[Date "2014.08.20"]
[Round "-"]
[White "kenneth m day"]
[Black "dadshane2000"]
[Result "0-1"]
[WhiteCountry "USA"]
[BlackCountry "USA"]
[WhiteElo "1657"]
[WhiteRD "51"]
[BlackElo "1979"]
[BlackRD "82"]
[GameID "363318"]

1. e4 g6 2. d4 Bg7 3. Nc3 d6 4. f4 a6 5. Be3 b5 6. Be2 b4 7. Nd5 a5 8. Nf3 Bb7 9. Bf2 e6 10. f5 exd5
11. exd5 Bxd5 12. O-O Nf6 13. Bb5+ c6 14. Re1+ Kd7 15. Bd3 Re8 16. Bg3 Kc7 17. Qd2 Ne4 18. Bxe4 Bxe4 19. fxg6 fxg6 20. c3 Na6
21. Qf4 Bxf3 22. Rxe8 Qxe8 23. Qxd6+ Kb6 24. gxf3 Qe3+ 25. Kg2 Qg5
0-1

[Event "8 Player Open 9"]
[Site "SchemingMind.com"]
[Date "2014.08.22"]
[Round "-"]
[White "dadshane2000"]
[Black "SAMAEL"]
[Result "1-0"]
[WhiteCountry "USA"]
[BlackCountry "CAN"]
[WhiteElo "1979"]
[WhiteRD "82"]
[BlackElo "1548"]
[BlackRD "46"]
[GameID "363319"]

1. e4 e5 2. Nf3 d6 3. d4 exd4 4. Nxd4 Nf6 5. Nc3 Bd7 6. Bc4 Be7 7. O-O O-O 8. f4 h6 9. f5 Nc6 10. Be3 Re8
11. Nxc6 Bxc6 12. Qf3 a6 13. a4 Nd7 14. Qg3 Kf8 15. Nd5 Bxd5 16. Bxd5 c6 17. Bc4
1-0

[Event "8 Player Open 9"]
[Site "SchemingMind.com"]
[Date "2014.08.22"]
[Round "-"]
[White "SAMAEL"]
[Black "dadshane2000"]
[Result "0-1"]
[WhiteCountry "CAN"]
[BlackCountry "USA"]
[WhiteElo "1548"]
[WhiteRD "46"]
[BlackElo "1979"]
[BlackRD "82"]
[GameID "363320"]

1. Nf3 c5 2. c4 Nf6 3. Nc3 Nc6 4. e3 e5 5. d3 d6 6. h3 g6 7. a3 Bg7 8. e4 O-O 9. Be2 h6 10. O-O g5
11. Nh2 Nd4 12. Re1 Nxe2+ 13. Qxe2 Be6 14. Be3 Nh7 15. f3 f5 16. Bd2 Qd7 17. Rab1 f4 18. b4 Nf6 19. Nd5 Nh5 20. Nf1 b6
0-1

[Event "8 Player Open 9"]
[Site "SchemingMind.com"]
[Date "2014.08.18"]
[Round "-"]
[White "dadshane2000"]
[Black "bobbassbone"]
[Result "1-0"]
[WhiteCountry "USA"]
[BlackCountry "ENG"]
[WhiteElo "1929"]
[WhiteRD "90"]
[BlackElo "1638"]
[BlackRD "57"]
[GameID "363321"]

1. e4 c6 2. d4 d5 3. Nc3 dxe4 4. Nxe4 Bf5 5. Nc5 Qc7 6. Bd3 Bxd3 7. Nxd3 e6 8. Nf3 Nf6 9. c4 Bd6 10. O-O Nbd7
11. b4 h5 12. c5 Be7 13. Bf4 Qc8 14. a4 Nd5 15. Bd2 Qc7 16. Nde5 f6 17. Ng6 Rh7 18. Qc2 Nf8 19. Nxf8 O-O-O 20. Nxh7
1-0

[Event "8 Player Open 9"]
[Site "SchemingMind.com"]
[Date "2014.08.18"]
[Round "-"]
[White "bobbassbone"]
[Black "dadshane2000"]
[Result "0-1"]
[WhiteCountry "ENG"]
[BlackCountry "USA"]
[WhiteElo "1590"]
[WhiteRD "56"]
[BlackElo "1979"]
[BlackRD "82"]
[GameID "363322"]

1. d4 Nf6 2. Bf4 g6 3. e3 Bg7 4. c3 O-O 5. Nd2 d5 6. Ngf3 Nc6 7. h3 a6 8. Be2 b5 9. a3 Bb7 10. Ne5 Nd7
11. Nxc6 Bxc6 12. h4 e5 13. dxe5 Nxe5 14. Bxe5 Bxe5 15. h5 a5 16. hxg6 fxg6 17. Nf3 Bg7 18. Qb3 a4 19. Qc2 Bd7 20. Rd1 c6
21. Bd3 Qf6 22. Rh2 Bg4 23. Be2 Qd6 24. Rh4 Bxf3 25. Bxf3 Rae8 26. Kf1 Qf6 27. Rf4 Qg5 28. Rg4 Qe5 29. Qd3 Rf5 30. Rh4 Qf6
31. Rh3 Rf8 32. e4 dxe4 33. Qxe4 Rf4 34. Qe2 g5 35. Rg3 h5 36. Rd2 g4 37. Bxg4 hxg4 38. Rxg4 Rxg4 39. Qxg4 Qh6 40. f3 Qxd2
41. Qe6+ Kh8 42. Qh3+ Qh6
0-1

[Event "8 Player Open 9"]
[Site "SchemingMind.com"]
[Date "2014.08.19"]
[Round "-"]
[White "dadshane2000"]
[Black "daki"]
[Result "0-1"]
[WhiteCountry "USA"]
[BlackCountry "SRB"]
[WhiteElo "1929"]
[WhiteRD "90"]
[BlackElo "1937"]
[BlackRD "134"]
[GameID "363323"]

1. e4 e6 2. d4 d5 3. Nc3 Nf6 4. exd5 exd5 5. Nf3 Bd6 6. Bd3 O-O 7. O-O Bg4 8. h3 Bh5 9. g4 Bg6 10. g5 Nh5
11. Nxd5 Qd7 12. Kg2 Na6 13. Bxa6 bxa6 14. Rh1 Qf5 15. Nf4 Bxf4 16. Bxf4 Nxf4+ 17. Kf1 Bh5
0-1

[Event "8 Player Open 9"]
[Site "SchemingMind.com"]
[Date "2014.08.20"]
[Round "-"]
[White "daki"]
[Black "dadshane2000"]
[Result "1-0"]
[WhiteCountry "SRB"]
[BlackCountry "USA"]
[WhiteElo "2002"]
[WhiteRD "102"]
[BlackElo "1936"]
[BlackRD "84"]
[GameID "363324"]

1. d4 Nf6 2. c4 g6 3. Nc3 Bg7 4. f3 O-O 5. e4 Nc6 6. Be3 e5 7. d5 Ne7 8. Nge2 d6 9. h4 h5 10. Qd2 Nh7
11. Ng3 f5 12. exf5 Nxf5 13. Nxf5 Bxf5 14. Bd3 Qd7 15. Ne4 Nf6 16. Ng5 Bh6 17. Bxf5 Qxf5 18. Ne6 Bxe3 19. Qxe3 Rf7 20. O-O c6
21. Rad1 c5 22. a3 Qc2 23. Rd2 Qf5 24. b4 b6 25. bxc5 bxc5 26. Rb2 Nd7 27. Rb7 Nb6 28. Rxf7 Qxf7 29. f4 Nxc4 30. Qc3 Nb6
31. fxe5 Qb7 32. exd6 Nxd5 33. Qd3 Kh7 34. Ng5+ Kh6 35. Rf7
1-0

[Event "8 Player Open 9"]
[Site "SchemingMind.com"]
[Date "2014.08.23"]
[Round "-"]
[White "dadshane2000"]
[Black "The Stonewall"]
[Result "0-1"]
[WhiteCountry "USA"]
[BlackCountry "ENG"]
[WhiteElo "1929"]
[WhiteRD "90"]
[BlackElo "2293"]
[BlackRD "93"]
[GameID "363331"]

1. e4 c5 2. Nf3 g6 3. c4 Nc6 4. d4 cxd4 5. Nxd4 Bh6 6. Nc3 Bxc1 7. Rxc1 Nf6 8. g3 O-O 9. Bg2 Qb6 10. Nxc6 dxc6
11. Qc2 Rd8 12. O-O e5 13. Kh1 Be6 14. b3 Rd7 15. Rcd1 Rad8 16. Rxd7 Rxd7 17. Rd1 Rxd1+ 18. Qxd1 Ng4
0-1

[Event "8 Player Open 9"]
[Site "SchemingMind.com"]
[Date "2014.08.23"]
[Round "-"]
[White "The Stonewall"]
[Black "dadshane2000"]
[Result "1-0"]
[WhiteCountry "ENG"]
[BlackCountry "USA"]
[WhiteElo "2293"]
[WhiteRD "93"]
[BlackElo "1929"]
[BlackRD "90"]
[GameID "363332"]

1. d4 Nf6 2. Bg5 d5 3. Bxf6 exf6 4. e3 Bd6 5. g3 c6 6. Bg2 Nd7 7. Ne2 f5 8. Nd2 Nf6 9. c4 dxc4 10. Nxc4 Bb4+
11. Nc3 Nd5 12. Qd3 Be6 13. O-O O-O 14. a3 Bxc3 15. bxc3 f6 16. Nd2 Nb6 17. c4 Qc7 18. a4 a5 19. Rfb1 Rfd8 20. Rb2 c5
21. d5 Qe5 22. Qb3 Nxd5 23. cxd5 Bxd5 24. Bxd5+ Rxd5 25. Nc4
1-0

[Event "8 Player Open 9"]
[Site "SchemingMind.com"]
[Date "2014.08.23"]
[Round "-"]
[White "The Stonewall"]
[Black "emvarela"]
[Result "1-0"]
[WhiteCountry "ENG"]
[BlackCountry "ARG"]
[WhiteElo "2293"]
[WhiteRD "93"]
[BlackElo "1627"]
[BlackRD "46"]
[GameID "363333"]

1. c4 c5 2. g3 g6 3. Bg2 Nc6 4. Nc3 Bg7 5. a3 Nf6 6. Rb1 a6 7. b4 cxb4 8. axb4 O-O 9. Nh3 d6 10. O-O Bxh3
11. Bxh3 e6 12. Bg2 Qc7 13. b5 axb5 14. Nxb5 Qd7 15. Ba3 Ne8 16. Qb3 Nc7 17. Nxd6 Nd4 18. Qd3 Nxe2+ 19. Kh1 Rfd8 20. Rxb7 Rxa3
21. Qxa3 Bf8 22. c5
1-0

[Event "8 Player Open 9"]
[Site "SchemingMind.com"]
[Date "2014.08.23"]
[Round "-"]
[White "emvarela"]
[Black "The Stonewall"]
[Result "0-1"]
[WhiteCountry "ARG"]
[BlackCountry "ENG"]
[WhiteElo "1686"]
[WhiteRD "48"]
[BlackElo "2276"]
[BlackRD "88"]
[GameID "363334"]

1. e4 c5 2. Nf3 a6 3. d4 cxd4 4. Nxd4 Nf6 5. Nc3 e5 6. Nb3 Bb4 7. Bd2 O-O 8. Bd3 Bxc3 9. Bxc3 d5 10. exd5 Nxd5
11. Qd2 Nxc3 12. Qxc3 Nc6 13. O-O Bg4 14. h3 Be6 15. Rad1 Qe7 16. Bc4 Bxc4 17. Qxc4 Rac8 18. Qe2 Rfd8 19. Rxd8+ Rxd8 20. Rd1 Rd6
21. Rxd6 Qxd6 22. a3 g6 23. f3 Kg7 24. Qd2 Qxd2 25. Nxd2 Kf6 26. Ne4+ Ke7 27. g4 b6 28. c3 f5 29. Nd2 Ke6 30. Kf2 Kd5
31. Ke3 b5 32. b4 Nd8 33. Nb3 Ne6 34. Na5 Nf4 35. gxf5 gxf5
0-1

[Event "8 Player Open 9"]
[Site "SchemingMind.com"]
[Date "2014.08.23"]
[Round "-"]
[White "The Stonewall"]
[Black "Phillip Beckett"]
[Result "1-0"]
[WhiteCountry "ENG"]
[BlackCountry "ENG"]
[WhiteElo "2340"]
[WhiteRD "98"]
[BlackElo "1606"]
[BlackRD "49"]
[GameID "363335"]

1. c4 e5 2. Nc3 Nf6 3. Nf3 Nc6 4. e4 d6 5. d4 exd4 6. Nxd4 Bd7 7. Be2 Be7 8. O-O O-O 9. b3 Nxd4 10. Qxd4 Bc6
11. Be3 Nd7 12. Qd2 Bf6 13. Rad1 Qe7 14. Nd5 Bxd5 15. Qxd5 Rab8 16. Bxa7 Ra8 17. Qxb7 Nc5 18. Bxc5 dxc5 19. Rd2 Rfb8 20. Qc6 Bc3
21. Rd7 Qe5 22. Rxc7 Ba5 23. Rd7 Rc8 24. Qd5 Qf6 25. e5 Qh6 26. Rxf7 Kh8 27. e6 Rd8 28. e7 Rxd5 29. Rf8+
1-0

[Event "8 Player Open 9"]
[Site "SchemingMind.com"]
[Date "2014.08.23"]
[Round "-"]
[White "Phillip Beckett"]
[Black "The Stonewall"]
[Result "0-1"]
[WhiteCountry "ENG"]
[BlackCountry "ENG"]
[WhiteElo "1606"]
[WhiteRD "49"]
[BlackElo "2340"]
[BlackRD "98"]
[GameID "363336"]

1. e4 e6 2. d4 c5 3. Nf3 cxd4 4. Nxd4 Nf6 5. Nc3 Nc6 6. Nb3 Bb4 7. Bd3 d5 8. exd5 Nxd5 9. Bd2 Nxc3 10. bxc3 Be7
11. O-O O-O 12. Be3 Qc7 13. Nd4 g6 14. Qe2 Rd8 15. Rad1 Bd7 16. Nxc6 Bxc6 17. g3 Bf6 18. Bf4 Qa5 19. Bc4 Bxc3 20. Be5 Qxe5
21. Qxe5 Bxe5
0-1

[Event "8 Player Open 9"]
[Site "SchemingMind.com"]
[Date "2014.08.23"]
[Round "-"]
[White "The Stonewall"]
[Black "kenneth m day"]
[Result "1-0"]
[WhiteCountry "ENG"]
[BlackCountry "USA"]
[WhiteElo "2293"]
[WhiteRD "93"]
[BlackElo "1669"]
[BlackRD "52"]
[GameID "363337"]

1. c4 Nf6 2. Nc3 c5 3. Nf3 Nc6 4. d4 cxd4 5. Nxd4 Qc7 6. Ndb5 Qe5 7. g3 Qb8 8. Bg2 a6 9. Nd4 e6 10. O-O Bc5
11. Nb3 Bd6 12. Bg5 Be7 13. Qd2 O-O 14. Rad1 Qe5 15. e4 b6 16. f4 Qc7 17. e5
1-0

[Event "8 Player Open 9"]
[Site "SchemingMind.com"]
[Date "2014.08.23"]
[Round "-"]
[White "kenneth m day"]
[Black "The Stonewall"]
[Result "0-1"]
[WhiteCountry "USA"]
[BlackCountry "ENG"]
[WhiteElo "1669"]
[WhiteRD "52"]
[BlackElo "2293"]
[BlackRD "93"]
[GameID "363338"]

1. e4 e6 2. d4 c5 3. Nf3 cxd4 4. c3 dxc3 5. Nxc3 Bc5 6. Bc4 Ne7 7. O-O O-O 8. Qe2 Nbc6 9. Be3 b6 10. Rfd1 Ng6
11. Bg5 Qc7 12. Qd2 Nge5 13. Qf4 f6 14. Bh4 Nxf3+ 15. Qxf3 Ne5 16. Qe2 Nxc4 17. Bg3 Qc6 18. Kh1 Ne5 19. Rac1 a5 20. a3 Ba6
0-1

[Event "8 Player Open 9"]
[Site "SchemingMind.com"]
[Date "2014.08.23"]
[Round "-"]
[White "The Stonewall"]
[Black "SAMAEL"]
[Result "1-0"]
[WhiteCountry "ENG"]
[BlackCountry "CAN"]
[WhiteElo "2276"]
[WhiteRD "88"]
[BlackElo "1548"]
[BlackRD "46"]
[GameID "363339"]

1. d4 d5 2. Bg5 Nf6 3. Bxf6 exf6 4. e3 Be6 5. Bd3 Be7 6. Nd2 Nd7 7. Ne2 O-O 8. O-O c6 9. c4 Qc7 10. cxd5 Bxd5
11. Nc3 Be6 12. Qc2 g6 13. Rfc1 Qa5 14. a3 Qg5 15. Nce4 Qh6 16. Bc4 f5 17. Nc3 Nb6 18. Ba2 Bd6 19. Nf3 Rfe8 20. b4 Rad8
21. Qd3 Bxa2 22. Rxa2 a6 23. Rac2 Bf8 24. Nd1
1-0

[Event "8 Player Open 9"]
[Site "SchemingMind.com"]
[Date "2014.08.23"]
[Round "-"]
[White "SAMAEL"]
[Black "The Stonewall"]
[Result "0-1"]
[WhiteCountry "CAN"]
[BlackCountry "ENG"]
[WhiteElo "1548"]
[WhiteRD "46"]
[BlackElo "2276"]
[BlackRD "88"]
[GameID "363340"]

1. e4 d5 2. exd5 Qxd5 3. Nc3 Qa5 4. Bc4 Nf6 5. Nge2 c6 6. O-O Bf5 7. d3 e6 8. Bd2 Qc7 9. Bf4 Bd6 10. Qd2 Nbd7
11. Bxd6 Qxd6 12. Qf4 Qe7 13. Rfe1 O-O 14. Ng3 Bg6 15. Nce4 Rfd8 16. Rad1 b5 17. Bb3 a5 18. c3 a4 19. Bc2 Nd5 20. Qg5 Qxg5
21. Nxg5 a3 22. Ne2 axb2 23. Bb1 Nc5 24. Rd2 Na4 25. c4 bxc4 26. dxc4 Ndb6 27. Rxd8+ Rxd8
0-1

[Event "8 Player Open 9"]
[Site "SchemingMind.com"]
[Date "2014.08.23"]
[Round "-"]
[White "The Stonewall"]
[Black "bobbassbone"]
[Result "1-0"]
[WhiteCountry "ENG"]
[BlackCountry "ENG"]
[WhiteElo "2472"]
[WhiteRD "99"]
[BlackElo "1651"]
[BlackRD "56"]
[GameID "363341"]

1. b4 c6 2. c4 d5 3. cxd5 cxd5 4. Bb2 Bf5 5. Nf3 h6 6. e3 Nf6 7. Nc3 e6 8. Nd4 Bh7 9. Rc1 Nbd7 10. Ncb5 Rc8
11. Rxc8 Qxc8 12. Nxa7 Qa8 13. Ndb5 Kd8 14. Qa4
1-0

[Event "8 Player Open 9"]
[Site "SchemingMind.com"]
[Date "2014.08.23"]
[Round "-"]
[White "bobbassbone"]
[Black "The Stonewall"]
[Result "0-1"]
[WhiteCountry "ENG"]
[BlackCountry "ENG"]
[WhiteElo "1624"]
[WhiteRD "58"]
[BlackElo "2340"]
[BlackRD "98"]
[GameID "363342"]

1. d4 c5 2. c3 cxd4 3. cxd4 d5 4. Bf4 Nf6 5. e3 a6 6. Nf3 Nc6 7. Bd3 Qb6 8. Qc2 Nb4 9. Qb3 Nxd3+ 10. Qxd3 Qxb2
11. Qc3 Qxc3+ 12. Nxc3 b5 13. O-O Bf5 14. Rfc1 e6 15. Ne2 Bd3 16. Ng3 Bc4 17. Ne5 Ba3 18. Nxc4 dxc4 19. Rc3 Bb2 20. Rcc1 Bxa1
21. Rxa1 Nd5 22. Be5 f6 23. Bd6 Kd7 24. Ba3 Nc3 25. Bb4 Na4 26. Rc1 Kc6 27. Nh5 Ra7 28. Kf1 Rd8 29. Nf4 a5 30. Bd2 e5
31. Ne2 Kb6 32. Ke1 Nb2 33. Bc3 Nd3+
0-1

[Event "8 Player Open 9"]
[Site "SchemingMind.com"]
[Date "2014.08.23"]
[Round "-"]
[White "The Stonewall"]
[Black "daki"]
[Result "1-0"]
[WhiteCountry "ENG"]
[BlackCountry "SRB"]
[WhiteElo "2293"]
[WhiteRD "93"]
[BlackElo "1937"]
[BlackRD "134"]
[GameID "363343"]

1. d4 Nf6 2. c4 c5 3. d5 e5 4. Nc3 d6 5. e4 Be7 6. g3 O-O 7. h4 Na6 8. Bh3 Bd7 9. Qe2 Nc7 10. a4 Nfe8
11. Bxd7 Qxd7 12. g4 g6 13. Bh6 Ng7 14. h5 f5 15. hxg6 fxg4 16. gxh7+ Kh8 17. Bxg7+ Kxg7 18. Qe3 Kh8 19. O-O-O a6 20. Nge2 b5
21. Ng3 b4 22. Nce2 Qxa4 23. Nf5 Rxf5 24. exf5 Rf8 25. Nf4
1-0

[Event "8 Player Open 9"]
[Site "SchemingMind.com"]
[Date "2014.08.23"]
[Round "-"]
[White "daki"]
[Black "The Stonewall"]
[Result "0-1"]
[WhiteCountry "SRB"]
[BlackCountry "ENG"]
[WhiteElo "1937"]
[WhiteRD "134"]
[BlackElo "2293"]
[BlackRD "93"]
[GameID "363344"]

1. d4 e6 2. e4 d5 3. Nc3 Nf6 4. Bg5 Be7 5. e5 Nfd7 6. Bxe7 Qxe7 7. Qd2 O-O 8. Nf3 c5 9. Nd1 cxd4 10. Bb5 Nc6
11. Bxc6 bxc6 12. Qxd4 c5 13. Qd3 f6 14. exf6 Nxf6 15. Ne5 Qd6 16. Nc4 Qc6 17. Ne5 Qc7 18. f4 Nd7 19. Nxd7 Bxd7
0-1